| 000 | 00889nam a2200253 a 4500 | ||
|---|---|---|---|
| 003 | MX-MxUPN | ||
| 005 | 20220617124824.0 | ||
| 008 | 220610s1977 mx a||||r|||| 000 0 spa d | ||
| 040 |
_aMX-MxUPN _bspa _cMX-MxUPN |
||
| 041 | 0 | _aspa | |
| 050 | 1 | 4 |
_aLB1651 M61 _bC37 |
| 100 | 1 |
_aCastellanos Iturriaga, Juan _944792 |
|
| 100 | 1 |
_aHerrera Rosales, Ernesto _944793 |
|
| 100 | 1 |
_aJiménez Gomara, Daniel Iván _944794 |
|
| 100 | 1 |
_aLópez García, Marina del Carmen _944795 |
|
| 245 | 1 | 0 |
_aBiología 1 : _bprimer curso |
| 250 | _aPrimera edición. | ||
| 260 |
_aMéxico, D.F. : _bEsfinge, _c1977. |
||
| 300 |
_a180 páginas : _bilustraciones. |
||
| 500 | _a"Desarrollo del programa oficial por objetivos, de acuerdo con la reforma educativa"--portada. | ||
| 650 | 4 |
_aBiología _xEstudio y enseñanza (Secundaria) _94532 |
|
| 650 | 4 |
_aBiología _vLibros de texto _94651 |
|
| 942 |
_2lcc _cLIBRO |
||
| 999 |
_c208599 _d208599 |
||